Covers d'albums censurés - Statistiques

Statistiques générales
  • Ce quiz a été pris 25 fois
  • Le résultat moyen est 5 sur 16
Statistiques - réponses
Par images Réponse % Correct
Diamond of dogs
92%
Yesterday and today
68%
Sticky fingers
60%
Unfinished Music No.1 : Two Virgins
52%
Les chansons de l'innocence retrouvée
40%
J'accuse
36%
Electric Ladyland
32%
The Velvet Undergound
32%
Is this it
28%
Virgin killer
20%
Appetite for destruction
8%
Tomb of the mutilated
8%
Far beyond driven
4%
America's least wanted
0%
Amorica
0%
Party music
0%
Aucun quiz correspondant
Distribution des résultats
% des personnes avec chaque résultat
Percentile par nombre de réponses
Votre historique - résultats
Vous n’avez pas pris ce quiz